Statistics for Mexico Trivia Quiz

Click here to take the quiz!

General Stats

  • This quiz has been taken 18 times
  • The average score is 2 of 15

Answer Stats

HintAnswer% Correct
Mexico has how many time zones?4
90%
What is mexico's official name?United Mexican States
50%
Mexico has how many official languages?68
30%
There are how many UNESCO World Heritage Sites in mexico?34
20%
Approximatly how much of Mexico’s land area is covered with forest?34%
20%
How many people live in mexico?121 million
10%
How long did mexico's 34th president rule for, before he resigned1 hour
10%
Mexico was named what when Hernan Cortes conquered the territory from the Aztecs?New Spain
10%
As of 2015, indigenous people make up what percentage of Mexico’s population?21.5%
0%
Illegal immigration from Mexico to the U.S. has decreased by how much since the year 2000?80%
0%
Santa Anna, the famous Mexican general, had a state funeral for his?Amputated Leg
0%
It is estimated mexican drug cartels make $152 million from growing and selling what?Avocados
0%
The aztecs used what as a form of currency?Cacao seeds
0%
The Caesar salad was invented in Mexico by who?Caesar Cardini
0%
75% of all sesame seeds grown in Mexico end up on what?McDonalds Hamburger Buns
0%

Score Distribution

Percentile by Number Answered

Percent of People with Each Score

Your Score History

You have not taken this quiz